Sports Quiz

Random Sports or Basketball Quiz

Playoff Opponents of LeBron James Quiz Stats

 Plays Quiz Updated Jun 11, 2018

Score 0/45 Timer 06:00
12 Plays Today
Year/Round Team % Correct
2018Golden State Warriors
83.4%
2017Golden State Warriors
81%
2016Golden State Warriors
79.2%
2018Boston Celtics
78.4%
2017Boston Celtics
77.5%
2015Golden State Warriors
75.6%
2018Toronto Raptors
74.6%
2018Indiana Pacers
71.6%
2014San Antonio Spurs
71.6%
2017Toronto Raptors
71.1%
2011Dallas Mavericks
70.9%
2013San Antonio Spurs
70.3%
2007San Antonio Spurs
69.6%
2012Oklahoma City Thunder
66.2%
2016Toronto Raptors
65.8%
2017Indiana Pacers
65.6%
2010Boston Celtics
57.7%
2008Boston Celtics
56.6%
2009Orlando Magic
53.5%
2006Detroit Pistons
52.2%
2007Detroit Pistons
48.7%
2015Atlanta Hawks
48.7%
2012Boston Celtics
48.4%
Year/Round Team % Correct
2013Indiana Pacers
47.9%
2016Atlanta Hawks
47.4%
2014Indiana Pacers
46.4%
2016Detroit Pistons
43.7%
2006Washington Wizards
43%
2011Chicago Bulls
40.4%
2015Chicago Bulls
38.9%
2007Washington Wizards
37%
2015Boston Celtics
36.9%
2011Boston Celtics
35.6%
2012Indiana Pacers
32.6%
2008Washington Wizards
31.7%
2013Chicago Bulls
29.3%
2010Chicago Bulls
29%
2009Detroit Pistons
28.7%
2012New York Knicks
28%
2007New Jersey Nets
27.4%
2009Atlanta Hawks
25.5%
2014Brooklyn Nets
25.5%
2013Milwaukee Bucks
24.1%
2011Philadelphia 76ers
23.8%
2014Charlotte Bobcats
23.6%

You're not logged in!

Compare scores with friends on all Sporcle quizzes.
OR
Log In

Show Comments

Extras

Top Quizzes Today


Score Distribution

Your Account Isn't Verified!

In order to create a playlist on Sporcle, you need to verify the email address you used during registration. Go to your Sporcle Settings to finish the process.

Report this User

Report this user for behavior that violates our Community Guidelines.

Details: